000 00786cpcaa2200241 4500
001 mm 78004233
003 DLC
005 20260227111620.0
008 781212|||||||||||| eng
010 _amm 78004233
040 _aDLC
_cDLC
_edacs
_dDLC
072 7 _aC
_2lcmd
100 1 _aAllen, William Henry,
_d1784-1813.
245 0 0 _aWilliam Henry Allen papers,
_f1793-1841.
300 _a6
_fitems.
506 0 _aOpen to research.
545 0 _aNaval officer.
546 _aCollection material in English.
580 _aForms part of: Miscellaneous Manuscripts collection.
656 7 _aNaval officers.
_2itoamc
999 _c39623
_d39623